Planning reforms (Record no. 105817)

MARC details
000 -LEADER
fixed length control field 02360cam a2200253 4500
001 - CONTROL NUMBER
control field ##E134844
008 - FIXED-LENGTH DATA ELEMENTS--GENERAL INFORMATION
fixed length control field 000000n2005 000 0 eng u
020 ## - INTERNATIONAL STANDARD BOOK NUMBER
International Standard Book Number 0755928652
035 ## - SYSTEM CONTROL NUMBER
System control number (Sirsi) u134844
041 0# - LANGUAGE CODE
Language code of text/sound track or separate title eng
050 04 - LIBRARY OF CONGRESS CALL NUMBER
Classification number 711.1
-- 18
110 2# - MAIN ENTRY--CORPORATE NAME
Corporate name or jurisdiction name as entry element Scottish Executive Development Department
9 (RLIN) 3786
245 00 - TITLE STATEMENT
Title Planning reforms
Remainder of title an impact assessment
-- social research report
260 ## - PUBLICATION, DISTRIBUTION, ETC.
Place of publication, distribution, etc. Edinburgh
Name of publisher, distributor, etc. Scottish Executive Development Department
Date of publication, distribution, etc. 2005
300 ## - PHYSICAL DESCRIPTION
Extent 114p.
Dimensions 30cm+
Accompanying material Includes summary sheet of findings Research Findings No. 213/2005
505 0# - FORMATTED CONTENTS NOTE
Formatted contents note Introduction -- Methodology -- National developments and the national planning framework -- Modernising development plans/DP efficiency -- Major developments -- Local developments -- Development management efficiency -- Minor developments -- Inclusion -- Enforcement -- Other -- Conclusions
520 ## - SUMMARY, ETC.
Summary, etc. This research report provides an independent assessment of the resource implications of the Planning reform proposals contained in the Planning White Paper Modernising the Planning System (June 2005), looking at the adequacy of the existing staff and financial resources available to local authority planning departments. The assessment follows Arup's Resources for Planning (2005) study (ISBN 0755928644). In general, the research concludes that the reform proposals would largely have an effect of increasing the costs of Planning by about £261,000 per authority relative to the operation of the current system. Although many of the measures will allow the system to operate more efficiently, the cost saving effect will be offset by other requirements. Additional costs arising from the reforms need also to be considered in the context that the current planning service has not been given the resource priority it has needed to operate effectively in recent years. Additional resources will be required to address this situation.
520 ## - SUMMARY, ETC.
Summary, etc. The views expressed in this report are those of the researcher and do not necessarily represent those of the Department or Scottish Ministers.
651 #4 - SUBJECT ADDED ENTRY--GEOGRAPHIC NAME
Geographic name Scotland
Chronological subdivision 1999-
690 ## - LOCAL SUBJECT ADDED ENTRY--TOPICAL TERM (OCLC, RLIN)
Topical term or geographic name as entry element MANAGEMENT-BUSINESS MANAGEMENT-BUSINESS PLANNING
710 2# - ADDED ENTRY--CORPORATE NAME
Corporate name or jurisdiction name as entry element Ove Arup and Partners
856 40 - ELECTRONIC LOCATION AND ACCESS
Uniform Resource Identifier <a href="https://www.scotland.gov.uk/Publications/2005/12/1694823/48239">https://www.scotland.gov.uk/Publications/2005/12/1694823/48239</a>
Public note View report free of charge at www.scotland.gov.uk/...
942 ## - ADDED ENTRY ELEMENTS (KOHA)
Suppress in OPAC 0
Holdings
Withdrawn status Lost status Source of classification or shelving scheme Damaged status Not for loan Home library Current library Shelving location Date acquired Total Checkouts Full call number Barcode Date last seen Copy number Price effective from Koha item type
    Dewey Decimal Classification     Virtual Virtual Online 06/09/2006   ONLINE PUBLICATION 134844-2001 06/08/2019 1 06/08/2019 Book